Propuestas (Registro nro. 8705)

Detalles MARC
000 -LEADER
fixed length control field 01197nas a2200265 454500
001 - CONTROL NUMBER
control field 31231
005 - DATE AND TIME OF LATEST TRANSACTION
control field 20260407193508.0
008 - FIXED-LENGTH DATA ELEMENTS--GENERAL INFORMATION
fixed length control field 260407s1996####ag###########|||spa#d
003 - CONTROL NUMBER IDENTIFIER
control field AR-UNSa-BCEJYS
040 ## - CATALOGING SOURCE
Original cataloging agency AR-UNSa-BCEJYS
Language of cataloging spa
Transcribing agency AR-UNSa-BCEJYS
080 ## - UNIVERSAL DECIMAL CLASSIFICATION NUMBER
Universal Decimal Classification number 330
Common auxiliary subdivision Economía en general
022 ## - INTERNATIONAL STANDARD SERIAL NUMBER
International Standard Serial Number 1669-3922
041 ## - LANGUAGE CODE
Language code of text/sound track or separate title spa
100 1# - MAIN ENTRY--PERSONAL NAME
Personal name Universidad del Norte Santo Tomás de Aquino. Facultad de Economía y Administración
245 10 - TITLE STATEMENT
Title Propuestas
264 #1 - PRODUCTION, PUBLICATION, DISTRIBUTION, MANUFACTURE, AND COPYRIGHT NOTICE
Place of production, publication, distribution, manufacture San Miguel de Tucumán :
Name of producer, publisher, distributor, manufacturer Universidad del Norte Santo Tomás de Aquino. Facultad de Economía y Administración
Date of production, publication, distribution, manufacture, or copyright notice 1996
310 ## - CURRENT PUBLICATION FREQUENCY
Current publication frequency Frecuencia: Irregular<br/>Cambia de título por: Propuestas Económicas y Sociales<br/>Cambia de Director a partir del Nº 14 por Víctor Iajya ; Juan Mario Jorrat ; Eduardo Ricobelli ; Gustavo Wallberg ; Sebastián Zanoni<br/>Cambia de Director a partir del Nº 15 por Ana Cerro
590 ## - LOCAL NOTE (RLIN)
Local note niveau_biblio:s niveau_hierar:1
650 ## - SUBJECT ADDED ENTRY--TOPICAL TERM
Topical term or geographic name entry element CONTABILIDAD
650 ## - SUBJECT ADDED ENTRY--TOPICAL TERM
Topical term or geographic name entry element ADMINISTRACION DE EMPRESAS
650 ## - SUBJECT ADDED ENTRY--TOPICAL TERM
Topical term or geographic name entry element ECONOMIA
700 1# - ADDED ENTRY--PERSONAL NAME
Personal name Fontdevilla, Eugenia
856 41 - ELECTRONIC LOCATION AND ACCESS
Uniform Resource Identifier <a href="https://biblioeco.unsa.edu.ar/pmb/images/revistas/Reparto o capitalizacion-r.jpg">https://biblioeco.unsa.edu.ar/pmb/images/revistas/Reparto o capitalizacion-r.jpg</a>
Link text Imagen de portada
Electronic format type image/jpeg
942 ## - ADDED ENTRY ELEMENTS (KOHA)
Koha item type
Existencias
Withdrawn status Lost status Damaged status Not for loan Home library Current library Shelving location Date acquired Serial enumeration / chronology Total checkouts Full call number Barcode Date last seen Price effective from Koha item type
        Biblioteca Prof. Eusebio Cleto del Rey Biblioteca Prof. Eusebio Cleto del Rey   01/06/2007 Año 12, Nº 17 - jun. 2007   H330 UNS 17 R15147 10/04/2026 10/04/2026 Numero
        Biblioteca Prof. Eusebio Cleto del Rey Biblioteca Prof. Eusebio Cleto del Rey   01/12/2006 Año 11, Nº 16 - dic. 2006   H330 UNS 16 R15146 10/04/2026 10/04/2026 Numero
        Biblioteca Prof. Eusebio Cleto del Rey Biblioteca Prof. Eusebio Cleto del Rey   01/09/2006 Año 11, Nº XV - sep. 2006   H330 UNS 15 R01936 10/04/2026 10/04/2026 Numero
        Biblioteca Prof. Eusebio Cleto del Rey Biblioteca Prof. Eusebio Cleto del Rey   01/12/2005 Año 10, Nº14 - dic. 2005   H330 UNS 14 R01772 10/04/2026 10/04/2026 Numero
        Biblioteca Prof. Eusebio Cleto del Rey Biblioteca Prof. Eusebio Cleto del Rey   01/03/2004 Nº 12 - mar. 2004   H330 UNS 12 R15118 10/04/2026 10/04/2026 Numero
        Biblioteca Prof. Eusebio Cleto del Rey Biblioteca Prof. Eusebio Cleto del Rey   01/07/2000 Año 6, Nº 10 - jul. 2000   H330 UNS 10 R20453 10/04/2026 10/04/2026 Numero
        Biblioteca Prof. Eusebio Cleto del Rey Biblioteca Prof. Eusebio Cleto del Rey   01/10/1999 Año 5, Nº 9 - oct. 1999   H330 UNS 9 R20452 10/04/2026 10/04/2026 Numero
        Biblioteca Prof. Eusebio Cleto del Rey Biblioteca Prof. Eusebio Cleto del Rey   01/10/1997 Año 3, Nº 5 - oct. 1997   H330 UNS 5 R20450 10/04/2026 10/04/2026 Numero
        Biblioteca Prof. Eusebio Cleto del Rey Biblioteca Prof. Eusebio Cleto del Rey   01/04/1996 Año 2, Nº 2 - abr. 1996   H330 UNS 2 R20451 10/04/2026 10/04/2026 Numero